Chicken soup for the teenage soul II : (Record no. 550174)
[ view plain ]
| 000 -LEADER | |
|---|---|
| fixed length control field | 00956cam a2200217 a 4500 |
| 020 ## - INTERNATIONAL STANDARD BOOK NUMBER | |
| International Standard Book Number | 1558746153 (hardcover) |
| 020 ## - INTERNATIONAL STANDARD BOOK NUMBER | |
| International Standard Book Number | 1558746161 (trade paper) |
| 082 00 - DEWEY DECIMAL CLASSIFICATION NUMBER | |
| Classification number | 158.1/28/0835 |
| Author Mark | CAN |
| -- | L-NUST, P-42 |
| 245 00 - TITLE STATEMENT | |
| Title | Chicken soup for the teenage soul II : |
| Remainder of title | 101 more stories of life, love, and learning / |
| Statement of responsibility, etc. | [compiled by] Jack Canfield, Mark Victor Hansen, Kimberly Kirberger. |
| 260 ## - PUBLICATION, DISTRIBUTION, ETC. | |
| Place of publication, distribution, etc. | Deerfield Beach, Fla. : |
| Name of publisher, distributor, etc. | Health Communications, |
| Date of publication, distribution, etc. | c1998. |
| 300 ## - PHYSICAL DESCRIPTION | |
| Extent | xxiii, 351 p. ; |
| Dimensions | 23 cm. |
| 526 ## - STUDY PROGRAM INFORMATION NOTE | |
| Program name | 0 |
| Interest level | 0 |
| Reading level | 0 |
| Title point value | 158_128083500000000_CAN |
| 650 #0 - SUBJECT ADDED ENTRY--TOPICAL TERM | |
| Topical term or geographic name entry element | Teenagers |
| General subdivision | Conduct of life. |
| 9 (RLIN) | 46895 |
| 700 1# - ADDED ENTRY--PERSONAL NAME | |
| Personal name | Canfield, Jack, |
| 9 (RLIN) | 37112 |
| 700 1# - ADDED ENTRY--PERSONAL NAME | |
| Personal name | Hansen, Mark Victor. |
| 9 (RLIN) | 46896 |
| 700 1# - ADDED ENTRY--PERSONAL NAME | |
| Personal name | Kirberger, Kimberly, |
| 9 (RLIN) | 46897 |
| 856 41 - ELECTRONIC LOCATION AND ACCESS | |
| Uniform Resource Identifier | <a href="http://www.loc.gov/catdir/enhancements/fy0727/98029642-s.html">http://www.loc.gov/catdir/enhancements/fy0727/98029642-s.html</a> |
| 856 42 - ELECTRONIC LOCATION AND ACCESS | |
| Uniform Resource Identifier | <a href="http://www.loc.gov/catdir/enhancements/fy0727/98029642-d.html">http://www.loc.gov/catdir/enhancements/fy0727/98029642-d.html</a> |
| 856 42 - ELECTRONIC LOCATION AND ACCESS | |
| Uniform Resource Identifier | <a href="http://www.loc.gov/catdir/enhancements/fy0735/98029642-b.html">http://www.loc.gov/catdir/enhancements/fy0735/98029642-b.html</a> |
| 942 ## - ADDED ENTRY ELEMENTS (KOHA) | |
| Source of classification or shelving scheme | |
| Koha item type | Book |
| Withdrawn status | Lost status | Source of classification or shelving scheme | Damaged status | Not for loan | Permanent Location | Current Location | Date acquired | Total Checkouts | Full call number | Barcode | Date last seen | Price effective from | Koha item type |
|---|---|---|---|---|---|---|---|---|---|---|---|---|---|
| Military College of Engineering (MCE) | Military College of Engineering (MCE) | 10/24/2014 | 158.1/28/0835 CAN | MCE-44408 | 10/24/2014 | 10/24/2014 | Book |
